[Event "CAN-ch U20 qual."]
[Site "Kitchener CAN"]
[Date "2006.07.08"]
[Round "3"]
[White "Derraugh, Geordie"]
[Black "Xiong, Sonja"]
[Result "1-0"]
[WhiteElo "1888"]
[BlackElo "1701"]
[PlyCount "65"]
[EventDate "2006.07.03"]
[EventType "swiss"]
[EventRounds "4"]
[EventCountry "CAN"]

1. e4 c5 2. Nf3 Nc6 3. d4 cxd4 4. Nxd4 Nf6 5. Nc3 e5 6. Ndb5 d6 7. Bg5 a6 8.
Na3 b5 9. Nd5 Be7 10. Bxf6 Bxf6 11. c3 O-O 12. Bd3 Be6 13. O-O Bg5 14. Nc2 f5
15. f4 Bh6 16. Qe1 Rc8 17. a4 bxa4 18. Kh1 a5 19. Rxa4 Rb8 20. b4 axb4 21. cxb4
Ne7 22. Nxe7+ Qxe7 23. fxe5 fxe4 24. Qxe4 Rxf1+ 25. Bxf1 Bb3 26. Bc4+ Bxc4 27.
Qxc4+ Kf8 28. exd6 Qxd6 29. Ra1 Qd2 30. Rf1+ Ke8 31. Qe6+ Kd8 32. Rf8+ Kc7 33.
Rf7+ 1-0

[Event "CAN-ch U20 qual."]
[Site "Kitchener CAN"]
[Date "2006.07.08"]
[Round "3"]
[White "Henry, Liam"]
[Black "Zhou, Haonan"]
[Result "1-0"]
[WhiteElo "2122"]
[BlackElo "1821"]
[PlyCount "53"]
[EventDate "2006.07.03"]
[EventType "swiss"]
[EventRounds "4"]
[EventCountry "CAN"]

1. e4 e6 2. d4 d5 3. Nc3 Nf6 4. Bg5 Be7 5. e5 Nfd7 6. Bxe7 Qxe7 7. f4 a6 8. Nf3
c5 9. Qd2 Nc6 10. dxc5 Qxc5 11. O-O-O b5 12. Bd3 b4 13. Na4 Qa5 14. b3 Nc5 15.
Nxc5 Qxc5 16. Kb1 a5 17. g4 Ba6 18. Bxa6 Rxa6 19. f5 a4 20. fxe6 fxe6 21. Ng5
axb3 22. cxb3 Nxe5 23. Rc1 Nc4 24. bxc4 dxc4 25. Qf4 Qa7 26. Qxc4 O-O 27. Nxe6
1-0

[Event "CAN-ch U20 qual."]
[Site "Kitchener CAN"]
[Date "2006.07.08"]
[Round "3"]
[White "Ho, Conrad"]
[Black "Walker, Adrian"]
[Result "0-1"]
[WhiteElo "1898"]
[BlackElo "1792"]
[PlyCount "80"]
[EventDate "2006.07.03"]
[EventType "swiss"]
[EventRounds "4"]
[EventCountry "CAN"]

1. e4 e5 2. Nf3 Nc6 3. Nc3 Bc5 4. Nxe5 Nxe5 5. d4 Bd6 6. dxe5 Bxe5 7. Bc4 Qh4
8. Qd5 Qf6 9. O-O Ne7 10. Qd3 O-O 11. f4 Bd4+ 12. Be3 Bxe3+ 13. Qxe3 d6 14.
Rae1 Ng6 15. Bd3 Re8 16. Nd5 Qd8 17. Qg3 c6 18. Ne3 f6 19. f5 Ne5 20. Ng4 Kh8
21. Kh1 g5 22. Nxe5 Rxe5 23. Bc4 Qe7 24. Qd3 d5 25. Bb3 dxe4 26. Qc4 Bxf5 27.
Rf2 e3 28. Rf3 Rd8 29. h3 b5 30. Qf1 Rd1 31. Qe2 Rxe1+ 32. Qxe1 Be4 33. Rg3 f5
34. h4 f4 35. Rxg5 Rxg5 36. hxg5 Qxg5 37. Qe2 Qh4+ 38. Kg1 Qg3 39. Kf1 Qh2 40.
Ke1 Qxg2 0-1

[Event "CAN-ch U20 qual."]
[Site "Kitchener CAN"]
[Date "2006.07.08"]
[Round "3"]
[White "Oberton, Daniel"]
[Black "Huang, Richard"]
[Result "0-1"]
[WhiteElo "1780"]
[BlackElo "1801"]
[PlyCount "98"]
[EventDate "2006.07.03"]
[EventType "swiss"]
[EventRounds "4"]
[EventCountry "CAN"]

1. e4 c5 2. Nf3 e6 3. d4 cxd4 4. Nxd4 a6 5. Bc4 Nf6 6. Nc3 Qc7 7. Bd3 Bb4 8.
Bd2 Nc6 9. Nxc6 dxc6 10. a3 Be7 11. Qe2 Bd7 12. f3 h6 13. g4 g5 14. O-O-O O-O-O
15. Be3 Bd6 16. Na4 c5 17. Nc3 Bf4 18. Kb1 Bxe3 19. Qxe3 Qe5 20. h4 Bc6 21.
hxg5 hxg5 22. Qf2 Nd7 23. Ne2 Rxh1 24. Rxh1 Rh8 25. Qg2 Qf6 26. Ng3 Ne5 27. Be2
Ng6 28. Nh5 Qe5 29. b3 Rd8 30. Rd1 Rxd1+ 31. Bxd1 Qd4 32. Qf1 Bb5 33. c4 Bc6
34. a4 Ne5 35. Be2 Nxg4 36. fxg4 Bxe4+ 37. Ka2 Qd2+ 38. Ka3 Qb4+ 39. Ka2 Qd2+
40. Ka3 Qb4+ 41. Ka2 Bc2 42. Qf3 Qd2 43. Qf1 Bd1+ 44. Ka3 Qc1+ 45. Ka2 Qc2+ 46.
Ka1 Qc3+ 47. Kb1 Qxb3+ 48. Ka1 Qxa4+ 49. Kb2 Qc2+ 0-1

[Event "CAN-ch Universities"]
[Site "Montreal CAN"]
[Date "2006.01.15"]
[Round "4"]
[White "Kapadia, Ronak"]
[Black "Tessier, Olivier"]
[Result "1-0"]
[WhiteElo "2156"]
[BlackElo "2136"]
[PlyCount "91"]
[EventDate "2006.01.13"]
[EventType "team"]
[EventRounds "4"]
[EventCountry "CAN"]

1. e4 c5 2. Nf3 Nf6 3. Nc3 e6 4. d4 d5 5. exd5 exd5 6. Be2 Nc6 7. Bg5 Be6 8.
O-O Be7 9. Re1 O-O 10. h3 b6 11. Bf1 Rc8 12. a3 h6 13. Bf4 Qd7 14. Ba6 Rcd8 15.
Bb5 Qb7 16. Bxc6 Qxc6 17. Qe2 c4 18. Ne5 Qc8 19. Rad1 Rfe8 20. Qe3 Bf8 21. Qf3
Nh7 22. Ne2 b5 23. c3 a5 24. Bd2 Qb7 25. Nf4 Ng5 26. Qh5 Ne4 27. f3 Nxd2 28.
Rxd2 b4 29. axb4 axb4 30. Nxe6 Rxe6 31. Rde2 Rde8 32. f4 Bd6 33. f5 R6e7 34. f6
Re6 35. Ng4 Rxe2 36. Nxh6+ Kf8 37. fxg7+ Kxg7 38. Nf5+ Kf6 39. Qh6+ Kxf5 40.
g4+ Ke4 41. Rxe2+ Kf3 42. Rxe8 Bf4 43. Qh5 Be3+ 44. Kh1 Qd7 45. g5+ Kf4 46. Re5
1-0

[Event "CAN-ch Universities"]
[Site "Montreal CAN"]
[Date "2006.01.15"]
[Round "4"]
[White "Masse, Hugues"]
[Black "Abou Nassif, Ahmad"]
[Result "1-0"]
[WhiteElo "2222"]
[BlackElo "2100"]
[PlyCount "106"]
[EventDate "2006.01.13"]
[EventType "team"]
[EventRounds "4"]
[EventCountry "CAN"]

1. d4 Nf6 2. c4 c5 3. d5 b5 4. cxb5 a6 5. b6 Qxb6 6. Nc3 d6 7. e4 g6 8. a4 Bg7
9. a5 Qc7 10. Bc4 O-O 11. f4 Nbd7 12. Nf3 Ne8 13. O-O Kh8 14. Re1 f6 15. Bd3
Qd8 16. Re2 Nc7 17. Bd2 Rb8 18. Be1 Re8 19. Bg3 Nf8 20. h3 Bd7 21. Kh2 Nb5 22.
Qd2 Bh6 23. Ree1 Qc7 24. Bf1 Rec8 25. Na4 e5 26. dxe6 Nxe6 27. Nb6 Rxb6 28.
axb6 Qxb6 29. Bxb5 Bxb5 30. Qc3 Rf8 31. f5 Nf4 32. Qd2 g5 33. Ra3 Rd8 34. Bxf4
gxf4 35. Qa5 Qb8 36. Qc3 Bg7 37. Raa1 Qc7 38. Rad1 Qe7 39. Qd2 Bh6 40. Kh1 Ba4
41. Ra1 Bb5 42. Qd5 Rg8 43. Rad1 Qg7 44. Rd2 Be8 45. Qxd6 Bh5 46. Qd3 Qg3 47.
Red1 c4 48. Qf1 Bf8 49. Qf2 Qg7 50. Rd7 Qh6 51. R1d2 Bc5 52. Qf1 Rg3 53. Rd8+
Bf8 1-0

[Event "CAN-op"]
[Site "Kitchener CAN"]
[Date "2006.07.15"]
[Round "1"]
[White "Aird, Ian"]
[Black "Mulyar, Michael"]
[Result "0-1"]
[WhiteElo "2045"]
[BlackElo "2391"]
[PlyCount "58"]
[EventDate "2006.07.15"]
[EventType "swiss"]
[EventRounds "9"]
[EventCountry "CAN"]

1. e4 e5 2. Nf3 Nc6 3. Bb5 a6 4. Ba4 Nf6 5. d3 b5 6. Bb3 Be7 7. O-O O-O 8. Re1
d6 9. a4 Bg4 10. Nbd2 Nd4 11. Ba2 c5 12. h3 Be6 13. c3 Nxf3+ 14. Nxf3 Bxa2 15.
Rxa2 Qc7 16. Bg5 h6 17. Bh4 Nh5 18. Bxe7 Qxe7 19. axb5 axb5 20. Rxa8 Rxa8 21.
Qb3 b4 22. d4 bxc3 23. bxc3 cxd4 24. cxd4 Nf4 25. dxe5 dxe5 26. Qb5 Qf6 27.
Qxe5 Nxh3+ 28. Kf1 Ra2 29. Re2 Qa6 0-1

[Event "CAN-op"]
[Site "Kitchener CAN"]
[Date "2006.07.15"]
[Round "1"]
[White "Arencibia, Walter"]
[Black "Kagramanov, Dina"]
[Result "1-0"]
[WhiteElo "2539"]
[BlackElo "2076"]
[PlyCount "141"]
[EventDate "2006.07.15"]
[EventType "swiss"]
[EventRounds "9"]
[EventCountry "CAN"]

1. d4 d5 2. c4 e6 3. Nc3 Nf6 4. Bg5 Be7 5. e3 b6 6. Nf3 Bb7 7. Rc1 O-O 8. cxd5
exd5 9. Bd3 Ne4 10. Bxe7 Qxe7 11. Qb3 Rd8 12. Ne5 Nd7 13. Nxf7 Nxf2 14. Nh6+
Kh8 15. Kxf2 Qh4+ 16. Ke2 Qxh6 17. Rcf1 c5 18. Qa4 Bc6 19. Bb5 Bxb5+ 20. Qxb5
Qg6 21. Kd1 a6 22. Qe2 b5 23. Qc2 Qe6 24. Rf3 cxd4 25. exd4 b4 26. Ne2 Rac8 27.
Qd3 Nf6 28. Rhf1 Qc6 29. Rf5 Re8 30. Re5 Rxe5 31. dxe5 Ne4 32. Rf3 Qc5 33. Ke1
h6 34. e6 Re8 35. Nf4 Qc1+ 36. Qd1 Qxb2 37. Qxd5 Qc1+ 38. Qd1 Qxd1+ 39. Kxd1 g5
40. Nd3 a5 41. Rf5 Rxe6 42. Rxa5 Nc3+ 43. Kc2 Re2+ 44. Kb3 Rxg2 45. Nxb4 Ne4
46. Re5 Nd2+ 47. Kc3 Rxh2 48. a4 Rh4 49. Rb5 Ne4+ 50. Kd3 Nd6 51. Rb8+ Kg7 52.
a5 Rh3+ 53. Kd4 Ra3 54. Kd5 Rxa5+ 55. Kxd6 Kg6 56. Ke6 Ra1 57. Rg8+ Kh5 58. Nd5
Kg4 59. Nf6+ Kf4 60. Rb8 Ra4 61. Rb1 g4 62. Nh5+ Kf3 63. Rb3+ Kf2 64. Kf5 Rc4
65. Ra3 Rb4 66. Nf4 h5 67. Nd3+ Kg2 68. Nxb4 g3 69. Nd5 h4 70. Kg4 Kh2 71. Nf4
1-0

[Event "CAN-op"]
[Site "Kitchener CAN"]
[Date "2006.07.15"]
[Round "1"]
[White "Buscar, Michael"]
[Black "Ozkan, Charlie"]
[Result "1-0"]
[WhiteElo "2214"]
[BlackElo "1903"]
[PlyCount "75"]
[EventDate "2006.07.15"]
[EventType "swiss"]
[EventRounds "9"]
[EventCountry "CAN"]

1. d4 f5 2. g3 Nf6 3. Bg2 e6 4. c3 Be7 5. Nh3 O-O 6. Nf4 d6 7. Qb3 d5 8. h4 c5
9. O-O Nc6 10. Rd1 Qc7 11. a3 cxd4 12. cxd4 Nxd4 13. Rxd4 Qxc1+ 14. Rd1 Qc7 15.
Nc3 Bd6 16. Ncxd5 Nxd5 17. Nxd5 Qb8 18. Rac1 Kh8 19. Nc3 a6 20. Na4 Bc7 21. Nc5
e5 22. Nd7 Bxd7 23. Rxd7 Ba5 24. Rxb7 Qe8 25. Qd5 Bd8 26. Rxg7 Kxg7 27. Qxa8
Qb5 28. Rc8 Be7 29. Rxf8 Bxf8 30. Bd5 Qb6 31. b4 Qf6 32. Qb7+ Kg6 33. Bc4 a5
34. bxa5 Bxa3 35. a6 Bc5 36. a7 Bxa7 37. Qxa7 f4 38. Bd3+ 1-0

[Event "CAN-op"]
[Site "Kitchener CAN"]
[Date "2006.07.15"]
[Round "1"]
[White "Cleto, Sam"]
[Black "Kulic, Sasa"]
[Result "0-1"]
[WhiteElo "1870"]
[BlackElo "2192"]
[PlyCount "56"]
[EventDate "2006.07.15"]
[EventType "swiss"]
[EventRounds "9"]
[EventCountry "CAN"]

1. Nf3 c5 2. g3 Nc6 3. Bg2 e5 4. d3 d6 5. O-O g6 6. Nc3 Bg7 7. Bg5 f6 8. Bd2
Be6 9. Rb1 Qd7 10. a3 a5 11. Qc1 Nge7 12. Nh4 O-O 13. Re1 Rab8 14. Ne4 b5 15.
c3 a4 16. Nf3 Na5 17. Bh6 Nb3 18. Bxg7 Nxc1 19. Bxf8 Nxe2+ 20. Rxe2 Rxf8 21. d4
f5 22. Neg5 Bc4 23. Rd2 cxd4 24. cxd4 e4 25. Ne1 h6 26. Nh3 g5 27. Rc1 f4 28.
gxf4 g4 0-1

[Event "CAN-op"]
[Site "Kitchener CAN"]
[Date "2006.07.15"]
[Round "1"]
[White "Corrales, Fidel"]
[Black "Hall, John"]
[Result "1-0"]
[WhiteElo "2492"]
[BlackElo "2058"]
[PlyCount "69"]
[EventDate "2006.07.15"]
[EventType "swiss"]
[EventRounds "9"]
[EventCountry "CAN"]

1. d4 d5 2. c4 e6 3. Nc3 c5 4. cxd5 exd5 5. Nf3 Nf6 6. g3 Nc6 7. Bg2 Be7 8. O-O
O-O 9. b3 Bg4 10. dxc5 Bxc5 11. Bb2 Re8 12. Rc1 Bb6 13. Na4 Qe7 14. e3 Ne4 15.
Nxb6 axb6 16. a4 Qb4 17. Qxd5 Ra5 18. Qd3 Bxf3 19. Bxf3 Nd2 20. Bxc6 bxc6 21.
Qc3 Nf3+ 22. Kg2 Qg4 23. Qxg7+ Qxg7 24. Bxg7 Nxh2 25. Kxh2 Kxg7 26. Rxc6 Rh5+
27. Kg2 b5 28. a5 Rd5 29. Rb6 Rd2 30. Rxb5 Rxe3 31. Ra1 Ree2 32. Rf5 Kg6 33.
Rf4 Ra2 34. Rxa2 Rxa2 35. Ra4 1-0

[Event "CAN-op"]
[Site "Kitchener CAN"]
[Date "2006.07.15"]
[Round "1"]
[White "Graves, Charles"]
[Black "Kraai, Jesse"]
[Result "0-1"]
[WhiteElo "2054"]
[BlackElo "2473"]
[PlyCount "62"]
[EventDate "2006.07.15"]
[EventType "swiss"]
[EventRounds "9"]
[EventCountry "CAN"]

1. f4 b6 2. Nf3 Bb7 3. e3 Nf6 4. b3 g6 5. Bb2 Bg7 6. Be2 O-O 7. O-O d6 8. d3
Nbd7 9. e4 e5 10. fxe5 Ng4 11. Bc1 c5 12. c3 Ngxe5 13. Bd2 Nxf3+ 14. gxf3 d5
15. Na3 Qe7 16. Nc2 Rfe8 17. Rf2 Rad8 18. Ne3 d4 19. Nc2 dxc3 20. Be3 Ne5 21.
Qf1 Nc6 22. f4 Nd4 23. Bxd4 Rxd4 24. f5 Rd6 25. Rd1 gxf5 26. Rxf5 Rg6+ 27. Kh1
Bxe4+ 28. dxe4 Qxe4+ 29. Qf3 Qxe2 30. Rxf7 Qxc2 31. Rxg7+ Rxg7 0-1

[Event "CAN-op"]
[Site "Kitchener CAN"]
[Date "2006.07.15"]
[Round "1"]
[White "Hansen, Eric"]
[Black "Estrada, Julian"]
[Result "1/2-1/2"]
[WhiteElo "2023"]
[BlackElo "2370"]
[PlyCount "66"]
[EventDate "2006.07.15"]
[EventType "swiss"]
[EventRounds "9"]
[EventCountry "CAN"]

1. e4 e5 2. Nf3 Nc6 3. Bc4 Bc5 4. O-O Nf6 5. d3 h6 6. c3 d6 7. Bb3 O-O 8. Nbd2
a6 9. Re1 Ba7 10. Nf1 Re8 11. Ng3 Be6 12. Bc2 d5 13. exd5 Bxd5 14. Nh4 Qd7 15.
h3 Rad8 16. Be3 Bxe3 17. Rxe3 g6 18. Qe2 Nh7 19. Nf3 Bxf3 20. Qxf3 Ng5 21. Qd1
Ne6 22. Qg4 Nf8 23. Qxd7 Nxd7 24. Rae1 f5 25. f4 Re7 26. Ne2 Rde8 27. fxe5
Ndxe5 28. Kf1 f4 29. Nxf4 Rf8 30. Kg1 Rxf4 31. d4 g5 32. dxe5 Kg7 33. g3 Rf8
1/2-1/2

[Event "CAN-op"]
[Site "Kitchener CAN"]
[Date "2006.07.15"]
[Round "1"]
[White "Joachim Hecht, Hans"]
[Black "Ho, Conrad"]
[Result "1/2-1/2"]
[WhiteElo "2394"]
[BlackElo "2046"]
[PlyCount "44"]
[EventDate "2006.07.15"]
[EventType "swiss"]
[EventRounds "9"]
[EventCountry "CAN"]

1. d4 e6 2. c4 Nf6 3. Nc3 Bb4 4. e3 c5 5. Bd3 d5 6. Nf3 cxd4 7. exd4 dxc4 8.
Bxc4 O-O 9. O-O Nc6 10. Bg5 Be7 11. Rc1 a6 12. Bd3 b5 13. Bb1 Bb7 14. Qd2 Rc8
15. Rfd1 Na5 16. Qd3 g6 17. Qe2 Bxf3 18. Qxf3 Nc4 19. d5 Nxd5 20. Bh6 Re8 21.
Nxd5 exd5 22. Rxd5 Qa5 1/2-1/2

[Event "CAN-op"]
[Site "Kitchener CAN"]
[Date "2006.07.15"]
[Round "1"]
[White "Lacau Rodean, Lucian"]
[Black "Huang, Richard"]
[Result "1-0"]
[WhiteElo "2104"]
[BlackElo "1801"]
[PlyCount "37"]
[EventDate "2006.07.15"]
[EventType "swiss"]
[EventRounds "9"]
[EventCountry "CAN"]

1. e4 c5 2. Nf3 e6 3. d3 Nc6 4. g3 g6 5. Bg2 Bg7 6. O-O Nge7 7. c3 O-O 8. Na3
d5 9. Re1 Rb8 10. Nc2 e5 11. exd5 Nxd5 12. d4 cxd4 13. cxd4 Bg4 14. h3 Bxf3 15.
Qxf3 Nb6 16. d5 Ne7 17. Rd1 Qd6 18. Qb3 Rfd8 19. Ne3 1-0

[Event "CAN-op"]
[Site "Kitchener CAN"]
[Date "2006.07.15"]
[Round "1"]
[White "Mattson, Dane"]
[Black "Wang, David"]
[Result "0-1"]
[WhiteElo "1857"]
[BlackElo "2206"]
[PlyCount "30"]
[EventDate "2006.07.15"]
[EventType "swiss"]
[EventRounds "9"]
[EventCountry "CAN"]

1. d4 Nf6 2. c4 g6 3. Nc3 d5 4. Bf4 Bg7 5. e3 O-O 6. Bd3 c5 7. dxc5 Nc6 8. Rc1
Qa5 9. Qb3 e5 10. cxd5 Nb4 11. Bc4 exf4 12. a3 Na6 13. Bxa6 bxa6 14. Qc4 fxe3
15. fxe3 Ng4 0-1

[Event "CAN-op"]
[Site "Kitchener CAN"]
[Date "2006.07.15"]
[Round "1"]
[White "Mikanovic, Goran"]
[Black "Raats, Daniel"]
[Result "1-0"]
[WhiteElo "2284"]
[BlackElo "1999"]
[PlyCount "127"]
[EventDate "2006.07.15"]
[EventType "swiss"]
[EventRounds "9"]
[EventCountry "CAN"]

1. d4 Nf6 2. c4 e6 3. Nc3 Bb4 4. Qc2 c5 5. dxc5 Bxc5 6. Nf3 d5 7. Bg5 dxc4 8.
e3 Nbd7 9. Bxc4 a6 10. O-O Qc7 11. Ne4 b5 12. Nxc5 Qxc5 13. Bd3 Qxc2 14. Bxc2
Bb7 15. Nd2 Rc8 16. Rfc1 Nb6 17. e4 O-O 18. f3 h6 19. Be3 Nc4 20. Nxc4 Rxc4 21.
Bd3 Rxc1+ 22. Rxc1 Rc8 23. Rd1 Kf8 24. Kf2 Ke7 25. Ke2 Rc7 26. h4 e5 27. g3 Rc8
28. Ra1 Nd7 29. a4 Nc5 30. Bxc5+ Rxc5 31. axb5 axb5 32. Ra7 Rc7 33. Bxb5 Kd8
34. Bd3 Bc6 35. Ra1 Rb7 36. Rb1 Kc7 37. b4 Kb6 38. Ke3 Bb5 39. f4 Bxd3 40. Kxd3
f6 41. fxe5 fxe5 42. Ra1 Rd7+ 43. Ke3 h5 44. Ra5 Re7 45. Rd5 Kc6 46. Kd3 Kb6
47. Ke2 Re6 48. Kf3 Rf6+ 49. Kg2 Re6 50. Kh3 Kc6 51. g4 g6 52. Kg3 Kc7 53. g5
Kb6 54. Rc5 Kb7 55. Kf3 Kb6 56. Ke3 Kb7 57. Kd3 Rd6+ 58. Rd5 Re6 59. Kc4 Re7
60. Rd6 Rf7 61. Kd5 Rf4 62. Kxe5 Rxh4 63. Rxg6 Rg4 64. Kf5 1-0

[Event "CAN-op"]
[Site "Kitchener CAN"]
[Date "2006.07.15"]
[Round "1"]
[White "Predescu, Sebastian"]
[Black "Martchenko, Alexander"]
[Result "1-0"]
[WhiteElo "2222"]
[BlackElo "1962"]
[PlyCount "105"]
[EventDate "2006.07.15"]
[EventType "swiss"]
[EventRounds "9"]
[EventCountry "CAN"]

1. e4 c5 2. Nf3 Nc6 3. d4 cxd4 4. Nxd4 Nf6 5. Nc3 e5 6. Ndb5 d6 7. Nd5 Nxd5 8.
exd5 Nb8 9. c4 Be7 10. Bd3 O-O 11. O-O a6 12. Nc3 Nd7 13. f3 f5 14. Kh1 Bg5 15.
Qe2 Bxc1 16. Raxc1 e4 17. fxe4 f4 18. Qd2 Ne5 19. Ne2 f3 20. gxf3 Nxf3 21. Qe3
Bg4 22. Ng1 Ne5 23. Rxf8+ Qxf8 24. Be2 Rc8 25. Rf1 Qe7 26. b3 Re8 27. h3 Bxe2
28. Nxe2 Nf7 29. Nc3 Qh4 30. Kg2 Ng5 31. Rf4 Qh5 32. h4 Nf7 33. Ne2 g5 34. hxg5
Re5 35. Ng3 Rxg5 36. Rf5 Qg4 37. Qf3 Qxf3+ 38. Rxf3 Kg7 39. Kf2 h5 40. Nf5+ Kg6
41. Rg3 Rxg3 42. Kxg3 Kg5 43. b4 b6 44. a3 a5 45. bxa5 bxa5 46. a4 Kf6 47. Kf4
Kg6 48. c5 dxc5 49. e5 c4 50. e6 c3 51. exf7 Kxf7 52. Ke3 Kf6 53. d6 1-0

[Event "CAN-op"]
[Site "Kitchener CAN"]
[Date "2006.07.15"]
[Round "1"]
[White "Sauve, Richard"]
[Black "Hamilton, Robert"]
[Result "0-1"]
[WhiteElo "2004"]
[BlackElo "2333"]
[PlyCount "58"]
[EventDate "2006.07.15"]
[EventType "swiss"]
[EventRounds "9"]
[EventCountry "CAN"]

1. d4 Nf6 2. c4 g6 3. Nc3 Bg7 4. e4 d6 5. f3 O-O 6. Be3 c5 7. Nge2 b6 8. Qd2
Nc6 9. d5 Ne5 10. Nc1 e6 11. Be2 a6 12. O-O exd5 13. Nxd5 Nxd5 14. cxd5 f5 15.
f4 Nf7 16. exf5 Bxf5 17. Bf3 Qf6 18. Rf2 Rae8 19. a3 Nh6 20. h3 Be4 21. g4 Qh4
22. Bg2 Bxg2 23. Kxg2 Nxg4 24. hxg4 Qxg4+ 25. Kh2 Rf5 26. Rg2 Qh4+ 27. Kg1 Rxe3
28. Re2 Rh3 29. Kf1 Rf3+ 0-1

[Event "CAN-op"]
[Site "Kitchener CAN"]
[Date "2006.07.15"]
[Round "1"]
[White "Semyonov, Vladimir"]
[Black "Demmery, Steve"]
[Result "1-0"]
[WhiteElo "2089"]
[BlackElo "2097"]
[PlyCount "41"]
[EventDate "2006.07.15"]
[EventType "swiss"]
[EventRounds "9"]
[EventCountry "CAN"]

1. Nf3 c5 2. b3 d5 3. e3 Nf6 4. Bb2 e6 5. Ne5 a6 6. f4 Bd6 7. Be2 O-O 8. O-O
Nfd7 9. d4 Nc6 10. Nd2 f6 11. Nxc6 bxc6 12. Bd3 a5 13. e4 cxd4 14. exd5 exd5
15. Qh5 f5 16. Bxd4 Nc5 17. Rf3 Qe8 18. Rg3 Ra7 19. Qh6 g6 20. Nf3 Rff7 21.
Rxg6+ 1-0

[Event "CAN-op"]
[Site "Kitchener CAN"]
[Date "2006.07.15"]
[Round "1"]
[White "Stevens, Christian"]
[Black "Laughlin, Steve"]
[Result "1-0"]
[WhiteElo "2314"]
[BlackElo "1997"]
[PlyCount "39"]
[EventDate "2006.07.15"]
[EventType "swiss"]
[EventRounds "9"]
[EventCountry "CAN"]

1. Nf3 d5 2. c4 c6 3. e3 e6 4. d4 Nf6 5. Nbd2 Bd6 6. Bd3 Nbd7 7. O-O O-O 8. e4
dxe4 9. Nxe4 Nxe4 10. Bxe4 Nf6 11. Bc2 b6 12. Bg5 h6 13. Bh4 Bb7 14. Qd3 Re8
15. Rad1 Be7 16. Ne5 Kf8 17. f4 c5 18. Qh3 cxd4 19. Bg6 Bc5 20. Bxf7 1-0

[Event "CAN-op"]
[Site "Kitchener CAN"]
[Date "2006.07.15"]
[Round "1"]
[White "Wight, Keith"]
[Black "Yoos, John"]
[Result "0-1"]
[WhiteElo "2035"]
[BlackElo "2373"]
[PlyCount "92"]
[EventDate "2006.07.15"]
[EventType "swiss"]
[EventRounds "9"]
[EventCountry "CAN"]

1. e4 c5 2. Nf3 d6 3. d4 Nf6 4. Nc3 cxd4 5. Nxd4 Nc6 6. Bc4 Bd7 7. f3 Nxd4 8.
Qxd4 g6 9. Bg5 Bg7 10. O-O-O O-O 11. Qe3 Rc8 12. Bb3 Rxc3 13. bxc3 Qc7 14. Bh6
Bxh6 15. Qxh6 a5 16. a4 b5 17. Rd3 bxa4 18. Ba2 Qc5 19. Kb2 Bb5 20. Qe3 Qc7 21.
c4 Ba6 22. Qd4 Nd7 23. h4 Nc5 24. Rd2 h6 25. Rb1 Bc8 26. Kc1 Kh7 27. f4 f6 28.
Rf2 Bb7 29. Rb5 Nxe4 30. h5 f5 31. hxg6+ Kxg6 32. Re2 Nc5 33. Re3 Rf6 34. Rg3+
Kf7 35. Qd1 Qc6 36. Qh5+ Ke6 37. Rg6 Qe4 38. Rxf6+ Kxf6 39. Qxh6+ Kf7 40. Qh5+
Ke6 41. Qh6+ Kd7 42. Qg5 Qe3+ 43. Kd1 Be4 44. Bb1 Ne6 45. Rxa5 Nxg5 46. fxg5
Qg1+ 0-1

[Event "CAN-op"]
[Site "Kitchener CAN"]
[Date "2006.07.15"]
[Round "1"]
[White "Wong, Wylon"]
[Black "Shetty, Rahul"]
[Result "0-1"]
[WhiteElo "1999"]
[BlackElo "2269"]
[PlyCount "94"]
[EventDate "2006.07.15"]
[EventType "swiss"]
[EventRounds "9"]
[EventCountry "CAN"]

1. d4 Nf6 2. c4 e6 3. Nc3 Bb4 4. e3 O-O 5. Nge2 d5 6. a3 Be7 7. cxd5 exd5 8. g3
Re8 9. Bg2 Bf8 10. O-O a5 11. Bd2 c6 12. Qc2 Nbd7 13. Na4 Ne4 14. b4 Nxd2 15.
Qxd2 Nb6 16. Nc5 Nc4 17. Qc3 Bg4 18. Nf4 b6 19. Nb3 g5 20. Nd3 axb4 21. Nxb4
Qd6 22. Nc2 Bf5 23. Nd2 Nxd2 24. Qxd2 Qg6 25. Nb4 Rad8 26. Rac1 Rd6 27. Rc3
Ree6 28. Rfc1 Qh5 29. Qd1 Bg4 30. f3 Rh6 31. h4 Bd7 32. hxg5 Qxg5 33. Kf2 Rdg6
34. g4 Rh2 35. Qg1 Qh4+ 36. Kf1 Bd6 37. R1c2 h5 38. Nxc6 hxg4 39. f4 g3 40.
Bxd5 Bh3+ 41. Rg2 Bxf4 42. exf4 Qxf4+ 43. Ke1 Bxg2 44. Ne7+ Kg7 45. Nxg6 Qf2+
46. Qxf2 gxf2+ 47. Kxf2 Bxd5+ 0-1

[Event "CAN-op"]
[Site "Kitchener CAN"]
[Date "2006.07.15"]
[Round "1"]
[White "Zubac, Marius"]
[Black "Watson, Michael"]
[Result "1-0"]
[WhiteElo "2217"]
[BlackElo "1915"]
[PlyCount "57"]
[EventDate "2006.07.15"]
[EventType "swiss"]
[EventRounds "9"]
[EventCountry "CAN"]

1. d4 d5 2. c4 c6 3. Nc3 Nf6 4. Nf3 e6 5. e3 Be7 6. Bd3 Nbd7 7. a4 O-O 8. O-O
Qc7 9. Bd2 b6 10. cxd5 exd5 11. Rc1 Bb7 12. b4 Rac8 13. Qb3 Qb8 14. Rb1 Rfe8
15. a5 Bd6 16. a6 Ba8 17. b5 Ne4 18. g3 Ndf6 19. bxc6 Bxc6 20. Nb5 Bxb5 21.
Bxb5 Re6 22. Rbc1 Rxc1 23. Rxc1 h5 24. Bb4 Bxg3 25. hxg3 Ng4 26. Bd7 Re8 27.
Bxe8 Ngxf2 28. Bxf7+ Kxf7 29. Ne5+ 1-0

[Event "CAN-op"]
[Site "Kitchener CAN"]
[Date "2006.07.16"]
[Round "2"]
[White "Arandia, Henry"]
[Black "Cleto, Sam"]
[Result "1-0"]
[WhiteElo "2035"]
[BlackElo "1870"]
[PlyCount "85"]
[EventDate "2006.07.15"]
[EventType "swiss"]
[EventRounds "9"]
[EventCountry "CAN"]

1. d4 Nf6 2. Nc3 e6 3. Bg5 Be7 4. Qd2 d5 5. f3 a6 6. O-O-O b5 7. Re1 Nbd7 8.
Nh3 h6 9. Bf4 c5 10. e3 c4 11. Kb1 b4 12. Nd1 Qb6 13. e4 c3 14. Qf2 dxe4 15.
fxe4 g5 16. Bc1 Bb7 17. Bd3 cxb2 18. Nxb2 Rc8 19. Rhf1 Rf8 20. Ng1 Ng4 21. Qg3
Ngf6 22. Qe3 Bd6 23. Ne2 Ng4 24. Qh3 Ngf6 25. e5 Nd5 26. exd6 Nc3+ 27. Nxc3
bxc3 28. Rxe6+ Kd8 29. Qxh6 Rb8 30. Qxg5+ Kc8 31. Rxf7 Bc6 32. Rxf8+ Nxf8 33.
d7+ Nxd7 34. d5 Qa5 35. Bxa6+ Qxa6 36. Rxc6+ Kb7 37. Rxa6 Kxa6 38. Qf4 Rb5 39.
a4 Rb7 40. Qc4+ Ka7 41. Qxc3 Nb6 42. Be3 Ka8 43. Qc6 1-0

[Event "CAN-op"]
[Site "Kitchener CAN"]
[Date "2006.07.16"]
[Round "2"]
[White "Austria, Federico"]
[Black "Stevens, Christian"]
[Result "1/2-1/2"]
[WhiteElo "2102"]
[BlackElo "2314"]
[PlyCount "155"]
[EventDate "2006.07.15"]
[EventType "swiss"]
[EventRounds "9"]
[EventCountry "CAN"]

1. d4 Nf6 2. c4 e6 3. Nc3 c5 4. d5 exd5 5. cxd5 d6 6. e4 g6 7. Be2 Bg7 8. h4
O-O 9. Bg5 h6 10. Be3 Qe7 11. Bf3 b5 12. Qc2 Re8 13. Nxb5 Ba6 14. Nc3 Nbd7 15.
Be2 Bxe2 16. Ngxe2 Nxe4 17. Nxe4 Qxe4 18. Qxe4 Rxe4 19. Rb1 Nb6 20. Nc3 Bxc3+
21. bxc3 Nxd5 22. Kd2 Nxe3 23. fxe3 Rae8 24. Rh3 Rg4 25. g3 Ra4 26. Ra1 Rae4
27. Re1 h5 28. Rh2 d5 29. Rhe2 R8e6 30. Kd3 Kg7 31. Rf1 d4 32. cxd4 cxd4 33.
Ref2 Rxe3+ 34. Kxd4 f5 35. Rf3 R6e4+ 36. Kd5 Kf6 37. Kc6 Rxf3 38. Rxf3 Ra4 39.
a3 g5 40. Kb5 Re4 41. hxg5+ Kxg5 42. Ka6 Re7 43. a4 h4 44. gxh4+ Kg4 45. Rf1 f4
46. h5 f3 47. h6 Kg3 48. Rg1+ Kh2 49. Rg7 f2 50. Rxe7 f1=Q+ 51. Kxa7 Qf6 52.
Rb7 Qxh6 53. a5 Qe3+ 54. Rb6 Qe7+ 55. Ka6 Qc5 56. Rb5 Qc6+ 57. Rb6 Qc8+ 58. Kb5
Qf5+ 59. Ka6 Kg3 60. Rb5 Qc8+ 61. Kb6 Qd8+ 62. Kb7 Qd7+ 63. Kb6 Qd4+ 64. Kb7
Qe4+ 65. Kb6 Qe6+ 66. Kb7 Qc4 67. Kb6 Qc8 68. a6 Qb8+ 69. Kc6 Qa7 70. Rb6 Kf4
71. Kb5 Qd7+ 72. Rc6 Ke5 73. Kb6 Qd4+ 74. Kb7 Qb4+ 75. Rb6 Qe7+ 76. Kb8 Qd8+
77. Kb7 Qd7+ 78. Kb8 1/2-1/2